| 000 | 00653nam a22001937a 4500 | ||
|---|---|---|---|
| 999 |
_c15826 _d15826 |
||
| 003 | AR-CdUCM | ||
| 008 | 190430b ||||| |||| 00| 0 spa d | ||
| 040 |
_aMUNICIPALIDAD PROVINCIAL DEL CUSCO _cBIBLIOTECA MUNICIPAL DEL CUSCO |
||
| 082 |
_a370 / _bP26 |
||
| 100 |
_aPareja Cabrera, Julio Cesar. _935021 |
||
| 245 |
_aInvestigación Científica : _bConceptos, estructura y formulación de tesis profesional / |
||
| 300 |
_a64 páginas ; _c20 cm. |
||
| 505 | _aContenido :Investigación científica ... | ||
| 650 |
_aAcademia. _935022 |
||
| 650 |
_aEmpresa _9826 |
||
| 650 |
_aEstado, ongs. _935023 |
||
| 942 |
_2ddc _cLIBROS |
||
| 945 |
_arum _d2019-04-30 |
||